Human resources outsourcing solutions, suppliers, key processes and the current market
Saved in:
| Main Author: | |
|---|---|
| Other Authors: | |
| Format: | Book |
| Published: |
Burlington,VT
Ashgate
2007
|
| Subjects: | |
| Tags: |
Add Tag
No Tags, Be the first to tag this record!
|
| Call Number : | HF5549.5.E425 .H86 2007 |
MARC
| LEADER | 00000pam a2200000 4500 | ||
|---|---|---|---|
| 001 | 37437 | ||
| 003 | MY-KLNDU | ||
| 005 | 20241218091301.0 | ||
| 020 | 0 | 0 | |a 9780566088018 |
| 035 | |a 0000030000 | ||
| 039 | 9 | |a 200911181314 |b VLOAD |c 200911181056 |d VLOAD |y 200910091628 |z VLOAD | |
| 090 | 0 | 0 | |a HF5549.5.E425 |b .H86 2007 |
| 100 | 1 | 0 | |a Hunter |h Ian |
| 245 | 1 | 0 | |a Human resources outsourcing |b solutions, suppliers, key processes and the current market |c Ian Hunter and Jane Saunders |
| 260 | 0 | 0 | |a Burlington,VT |b Ashgate |c 2007 |
| 300 | |a 91p. |b ill. |c 31cm | ||
| 500 | 0 | 0 | |a Includes index |
| 591 | |a 0000000350 |b 30/10/08 |c 0193-07 |d 1 |e GBP75 |f 6.69 |g 501.75 |h YUHA Associates Sdn.Bhd | ||
| 592 | |a 074377 |b 15/11/08 |c RM433.88 |d 1 |e 433.88 | ||
| 650 | 0 | 0 | |a Personnel management |x contracting out |z europe |
| 700 | 1 | 1 | |a Saunders |h Jane |
| 999 | |a vtls000027408 |c 37437 |d 37437 | ||


